| 000 | 01091nas a2200337 4500 | ||
|---|---|---|---|
| 001 | BR2020000816 | ||
| 003 | BR-BrBNA | ||
| 005 | 20231205132113.0 | ||
| 007 | ta | ||
| 008 | 230509b bl.|||p| |||| 00| 00por d | ||
| 040 |
_aBR-BrBNA _bpor _cBiblioteca Nacional de Agricultura |
||
| 041 | _a(Pt) | ||
| 072 | _aJ11; Q02 | ||
| 100 | 1 | _aNasser, F.A. de C.M. | |
| 100 | 1 | _aBoliani, A.C. | |
| 100 | 1 | _aNasser, M.D. | |
| 100 | 1 | _aPagliarini, M.K. | |
| 100 | 1 | _aMendonça, V.Z. | |
| 245 | 1 | _aUso de sachê de permanganato de potássio na pós-colheita de mangabas | |
| 650 | _aMANGABA | ||
| 650 | _aHANCORNIA SPECIOSA | ||
| 650 | _aCONSERVAÇÃO | ||
| 650 | _aABSORÇÃO | ||
| 650 | _aETILENO | ||
| 650 | _aPERMANGANATO DE POTÁSSIO | ||
| 773 | 0 |
_tNativa. Pesquisas Agrárias e Ambientais (Brazil) _xISSN 2318-7670 _g(Oct-Dec 2015), v. 3(4) p. 246-251 _wBR2020000816 |
|
| 856 | 4 | 0 | _uhttps://periodicoscientificos.ufmt.br/ojs/index.php/nativa/article/view/2523/pdf |
| 856 | 4 | 0 | _dLink DSPACE/MAPA BR2020000816 |
| 909 |
_a202311 _bLúcia _c55 _dLúcia Elande |
||
| 942 |
_2AGRIS _n0 _cANA |
||
| 999 |
_c258484 _d258484 |
||